书目信息 |
| 题名: |
科学精神启示录
|
|
| 作者: | 王滨 著 | |
| 分册: | ||
| 出版信息: | 上海 上海科学普及出版社 2005.04 |
|
| 页数: | 346页 | |
| 开本: | 21cm | |
| 丛书名: | 21世纪中国原创科普佳作 | |
| 单 册: | ||
| 中图分类: | G301-49 | |
| 科图分类: | ||
| 主题词: | 科学学--ke xue xue--普及读物 | |
| 电子资源: | ||
| ISBN: | 7-5427-2760-5 | |
| 000 | 01209nam 2200277 450 | |
| 001 | 010226895417 | |
| 005 | 20051219101304.20 | |
| 010 | @a7-5427-2760-5@dCNY24.00 | |
| 100 | @a20050714d2005 km y0chiy0120 ea | |
| 101 | 0 | @achi |
| 102 | @aCN@b310000 | |
| 105 | @aa a 000yy | |
| 200 | 1 | @a科学精神启示录@Ake xue jing shen qi shi lu@f王滨著@Fwang bin zhu |
| 210 | @a上海@c上海科学普及出版社@d2005.04 | |
| 215 | @a346页@c图@d21cm | |
| 225 | 2 | @a21世纪中国原创科普佳作@A21 shi ji zhong guo yuan chuang ke pu jia zuo@f主编陈纪宁 |
| 300 | @a上海科普创作出版专项资金资助 | |
| 314 | @a王滨 (1963~),男,现为同济大学文法学院教授、科技与社会发展研究中心主任,1984年毕业于东北大学物理系材料物理专业,获工学学士学位,曾出版《科技革命与社会发展》、《技术创新过程论》、《科学精神启示录》、《十大发明家》等书 | |
| 320 | @a有书目 (第342-343页)。 | |
| 330 | @a本书是一本科学知识的普及读物。主要内容包括:对科学精神的多视角考察;怀疑与批判精神;创新与开拓精神等。 | |
| 410 | 0 | @12001 @a21世纪中国原创科普佳作@1701 0@a陈纪宁@Achen ji ning@4主编 |
| 606 | 0 | @a科学学@Ake xue xue@x普及读物 |
| 690 | @aG301-49@v4 | |
| 701 | 0 | @a王滨@Awang bin@4著 |
| 801 | 0 | @aCN@bQSSK@c20051219 |
| 905 | @a10447@dG301-49@eW115 | |
| 科学精神启示录/王滨著.-上海:上海科学普及出版社,2005.04 |
| 346页:图;21cm.-(21世纪中国原创科普佳作/主编陈纪宁) |
| 上海科普创作出版专项资金资助 |
| ISBN 7-5427-2760-5:CNY24.00 |
| 本书是一本科学知识的普及读物。主要内容包括:对科学精神的多视角考察;怀疑与批判精神;创新与开拓精神等。 |
| ● |
| 相关链接 |
|
|
|
正题名:科学精神启示录
索取号:G301-49/W115
 
预约/预借
| 序号 | 登录号 | 条形码 | 馆藏地/架位号 | 状态 | 备注 |
| 1 | 578158 | 205781581 | 社科库409/409社科库 60排6列1层/ [索取号:G301-49/W115] | 在馆 | |
| 2 | 578159 | 205781590 | 社科库409/409社科库 60排6列1层/ [索取号:G301-49/W115] | 在馆 | |
| 3 | 578160 | 205781607 | 社科库409/409社科库 60排6列1层/ [索取号:G301-49/W115] | 在馆 |